Online
Catalog

Senda divina : (Record no. 23708)

MARC details
000 -CABECERA
campo de control de longitud fija 00822nam a2200229 a 4500
001 - NÚMERO DE CONTROL
campo de control 000024214
005 - FECHA Y HORA DE LA ÚLTIMA TRANSACCIÓN
campo de control 20200930022820.0
008 - DATOS DE LONGITUD FIJA--INFORMACIÓN GENERAL
campo de control de longitud fija 110120s1991 sp r 001 0 spa d
020 ## - NÚMERO INTERNACIONAL ESTÁNDAR DEL LIBRO
Número Internacional Estándar del Libro 8471666812
040 ## - FUENTE DE LA CATALOGACIÓN
Centro catalogador/agencia de origen DO-SdBNP
Lengua de catalogación spa
Centro/agencia transcriptor BNPHU
082 ## - NÚMERO DE LA CLASIFICACIÓN DECIMAL DEWEY
Número de clasificación xxxxx
Número de documento/Ítem S624s
049 ## - FONDOS LOCALES (OCLC)
Fondos de biblioteca BNGR
100 1# - ENTRADA PRINCIPAL--NOMBRE DE PERSONA
Nombre de persona Sivananda, Suami
9 (RLIN) 49736
245 10 - MENCIÓN DE TÍTULO
Título Senda divina :
Resto del título (de Ahimsa a la muerte) /
Mención de responsabilidad, etc. Suami Sivananda ; traductor Jesús Greus.
260 ## - PUBLICACIÓN, DISTRIBUCIÓN, ETC.
Lugar de publicación, distribución, etc. Madrid :
Nombre del editor, distribuidor, etc. EDAF,
Fecha de publicación, distribución, etc. 1991.
300 ## - DESCRIPCIÓN FÍSICA
Extensión 332 p. ;
Dimensiones 20.5 cm.
500 ## - NOTA GENERAL
Nota general En la portada: un libro de ensayos espirituales sobre el sublime propósito de la vida humana y los medios para su logro
500 ## - NOTA GENERAL
Nota general Incluye referencia biográfica del autor en la contracubierta.
500 ## - NOTA GENERAL
Nota general Incluye índice alfabético.
534 ## - NOTA SOBRE LA VERSIÓN ORIGINAL
Encabezamiento principal del original Bliss divine.
700 1# - PUNTO DE ACCESO ADICIONAL--NOMBRE DE PERSONA
Nombre de persona Greus, Jesús,
Término indicativo de función/relación tr.
9 (RLIN) 49737
Holdings
Estado de retiro Estado de pérdida Restricciones de uso No para préstamo Código de colección Localización permanente Ubicación/localización actual Ubicación en estantería Fecha de adquisición Número de inventario Total de préstamos Signatura topográfica completa Código de barras Fecha visto por última vez Precio válido a partir de Tipo de ítem Koha
        Monografías: Libros y Folletos General General En catalogación 20.01.2011 LF1   xxxxx S624s 24214-10 25.06.2020 25.06.2020 Préstamo en sala

Powered by Koha